第4回マリオカートにじさんじ杯の二つ名からライバー名を当てよう - Statistics

General Stats
  • This quiz has been taken 32 times
  • The average score is 36 of 78
Answer Stats
二つ名 ライバー名 % Correct
AAA級錬金術師 アンジュ・カトリーナ
94%
英雄の条件 エクス・アルビオ
94%
スノー・ホワイト・パラダイス・エルサント・フロウ・ワスレナ・ピュア・プリンセス・リーブル・ラブ・ハイデルン・ドコドコ・ヤッタゼ・ヴァルキュリア・パッション・アールヴ・ノエル・チャコボシ・エルアリア・フロージア・メイドイン・ブルーム・エル」  スノー・ホワイト・パラダイス・エルサント・フロウ・ワスレナ・ピュア・プリンセス・リーヴル・ラブ・ハイデルン・ドコドコ・ヤッタゼ・ヴァルキュリア・パッション・アールヴ・ノエル・チャコボシ・エルアリア・フロージア・メイドイン・ブルーム・エル スノー・ホワイト・パラダイス・エルサント・フロウ・ワスレナ・ピュア・プリンセス・リーヴル・ラブ・ハイデルン・ドコドコ・ヤッタゼ・ヴァルキュリア・パッション・アールヴ・ノエル・チャコボシ・エルアリア・フロージア・メイドイン・ブルーム・エル
94%
糸目は強キャラの証 神田笑一
82%
楽園の警備部隊 ローレン・イロアス
82%
楽園のマッドサイエンティスト レオス・ヴィンセント
82%
知能を脱ぎ捨て騎士は行く フレン・E・ルスタリオ
82%
混沌の招き猫 文野環
76%
掲げる勝利のピースサイン 伏見ガク
76%
幸せになるんだぞ(天駆ける龍の巫女) 天宮こころ
76%
最強の魔祓い 長尾景
71%
翡翠に輝く海の狩人 北小路ヒスイ
71%
静岡の絶対王政 リゼ・ヘルエスタ
71%
KING IS BACK 葛葉
71%
なんでここ(最下位)に先生が!? 郡道美玲
65%
楽園の操縦士 アクシア・クローネ
65%
楽園のプロフェッサー オリバー・エバンス
65%
賢めのねずみ(まかいのあくま) でびでび・でびる
65%
楽園の赤き守護者 レイン・パターソン
65%
亜人襲来 レヴィ・エリファ
65%
白馬(パタテンテン)の王子様 春崎エアル
65%
瞬間点火ガソリンおじさん 舞元啓介
59%
君臨する夜の女王 白雪巴
59%
ロジカルレスサイエンス 葉加瀬冬雪
59%
虚空のカリスマ 剣持刀也
59%
3Dショタコン 三枝明那
59%
惑星 Ars
59%
約束された未来 夕陽リリ
53%
強者が見せる横綱相撲 笹木咲
53%
窮犬人を噛む 黒井しば
53%
無免の暴君 樋口楓
53%
魔と速さの研究 甲斐田晴
53%
救済執行 シスター・クレア
53%
Darkness Eater 鈴木勝
53%
未確認飛行プリンセス 桜凛月
47%
私も入れてよ 花畑チャイカ
47%
運ゲーの申し子 椎名唯華
47%
今夜、勝利いただきに行きます ルイス・キャミー
47%
運命に逆らうチワワ 雪城眞尋
47%
快速のアダルト 愛園愛美
41%
アクセルミルキーウェイ 星川サラ
41%
深緑の韋駄天 緑仙
41%
立ちはだかる地獄の門番 奈羅花
41%
神が産んだ奇跡 鈴谷アキ
35%
背後に出来たレインボーロード 月ノ美兎
35%
ドルフィンソニック 西園チグサ
35%
朝焼けの歌姫 朝日南アカネ
35%
レバガチャシフトチェンジ 社築
35%
日陰に差す光 卯月コウ
35%
地殻の下のビッグ・ボス ベルモンド・バンデラス
35%
一流のB級レーサー 早瀬走
35%
弾丸ミッドナイト 不破湊
35%
レーサーの姫 魔界ノりりむ
35%
天翔ける箒星 空星きらめ
35%
少女は永遠を歌う 町田ちま
35%
脱獄犯 鈴鹿詩子
35%
車上のアーティスト 轟京子
29%
SHOW MUST GO ON! 夜見れな
29%
頂きに立つ者 成瀬鳴
29%
サーキットの死神 渋谷ハジメ
29%
こう見えてスピードタイプ 本間ひまわり
29%
奏でるは勝利の調べ エリー・コニファー
24%
漆黒の追跡者(チェイサー) シェリン・バーガンディ
24%
Circuit Epic Onslaugh 加賀美ハヤト
24%
掻き鳴らす勝利のチューン 来栖夏芽
24%
ぽんこつキラークイーン 鷹宮リオン
24%
オフロードの皇帝 イブラヒム
24%
にじさんじのミラクル8 三枝明那
24%
不敵に笑うアブノーマル グウェル・オス・ガール
24%
サーヴァントの下剋上 魔使マオ
18%
戦場の調律師 弦月藤士郎
18%
超速の思考ドリフト 山神カルタ
18%
饒舌な蠱惑 ジョー・力一
18%
閃光のハサウェイ フミ
18%
魔弾の射手
18%
甦る太古の伝説 竜胆尊
12%
願いの遥か先へ 小野町春香
12%
天才奏でるエゴロック 安土桃
6%
No matching quizzes found
Score Distribution
Percent of People with Each Score
Percentile by Number Answered
Your Score History
You have not taken this quiz